Statistics for 90 secs World Capitals: by Capital City directly West

Click here to take the quiz!

General Stats

  • This quiz has been taken 195 times
  • The average score is 167 of 196

Answer Stats

Capital City% Correct
Ashgabat
100%
Astana
100%
Baghdad
100%
Bishkek
100%
Moscow
100%
Tashkent
100%
Tehran
100%
Abuja
99%
Ankara
99%
Baku
99%
Berlin
99%
Bratislava
99%
Budapest
99%
Chisinau
99%
Kiev
99%
Kuwait City
99%
Ljubljana
99%
Porto-Novo
99%
Vienna
99%
Zagreb
99%
Accra
98%
Bamako
98%
Bangkok
98%
Belgrade
98%
Bucharest
98%
Hanoi
98%
Libreville
98%
Lome
98%
Malabo
98%
N'Djamena
98%
Niamey
98%
Ouagadougou
98%
Pristina
98%
Sao Tome
98%
Sofia
98%
Taipei
98%
Tbilisi
98%
Tokyo
98%
Warsaw
98%
Yamoussoukro
98%
Yaounde
98%
Yerevan
98%
Amman
97%
Amsterdam
97%
Andorra la Vella
97%
Athens
97%
Beirut
97%
Cairo
97%
Damascus
97%
Dushanbe
97%
Islamabad
97%
Jerusalem
97%
Kabul
97%
Madrid
97%
Minsk
97%
Monaco
97%
New Delhi
97%
Nicosia
97%
Phnom Penh
97%
Podgorica
97%
Prague
97%
Rome
97%
Sarajevo
97%
Skopje
97%
Vientiane
97%
Vilnius
97%
Algiers
96%
Beijing
96%
Bissau
96%
Brussels
96%
Copenhagen
96%
Dakar
96%
Dhaka
96%
Kathmandu
96%
Kinshasa
96%
Lisbon
96%
London
96%
Luxembourg
96%
Nay Pyi Taw
96%
Nouakchott
96%
Pyongyang
96%
Rabat
96%
San Marino
96%
Seoul
96%
Tallinn
96%
Thimphu
96%
Tirana
96%
Tunis
96%
Ulaanbaatar
96%
Vatican City
96%
Bangui
95%
Banjul
95%
Bern
95%
Brazzaville
95%
Conakry
95%
Muscat
95%
Praia
95%
Riga
95%
Tripoli
95%
Vaduz
95%
Valletta
95%
Freetown
94%
Helsinki
94%
Luanda
94%
Monrovia
94%
Paris
94%
Kuala Lumpur
93%
Abu Dhabi
92%
Maputo
92%
Windhoek
92%
Dublin
91%
Stockholm
91%
Bandar Seri Begawan
90%
Doha
90%
Manama
90%
Manila
90%
Mbabane
90%
Pretoria
90%
Singapore
90%
Bujumbura
89%
Gaborone
89%
Kigali
89%
Lusaka
89%
Oslo
89%
Lilongwe
88%
Dodoma
87%
Harare
87%
Kampala
87%
Addis Ababa
86%
Khartoum
86%
Maseru
86%
Colombo
85%
Riyadh
85%
Juba
84%
Moroni
84%
Nairobi
84%
Male
83%
Jakarta
82%
Nuku'alofa
82%
Antananarivo
79%
Port Louis
79%
Asmara
78%
Brasilia
78%
Melekeok
78%
Sana'a
78%
Bridgetown
77%
Djibouti
77%
Paramaribo
77%
Kingstown
76%
Georgetown
75%
Port-of-Spain
75%
Saint John's
73%
Wellington
73%
Basseterre
72%
Castries
72%
Dili
72%
Palikir
72%
Roseau
72%
Saint George's
72%
Victoria
72%
Mogadishu
71%
Santo Domingo
71%
Washington
71%
Port-au-Prince
70%
Apia
69%
Mexico City
68%
Montevideo
67%
Tarawa
67%
Caracas
65%
Honiara
65%
Santiago
64%
Yaren
63%
Buenos Aires
62%
Canberra
61%
Funafuti
61%
Suva
61%
Tegucigalpa
61%
Port Moresby
60%
Belmopan
59%
Kingston
59%
Ottawa
58%
Panama
58%
Majuro
57%
Nassau
56%
Havana
53%
Port-Vila
48%
Bogota
44%
Lima
43%
Managua
40%
San Salvador
35%
Guatemala City
31%
Quito
29%
Reykjavik
26%
San Jose
19%
Asuncion
16%
Sucre
13%

Score Distribution

Percentile by Number Answered

Percent of People with Each Score

Your Score History

You have not taken this quiz